000 01241cam a2200373 a 4500
005 20260322212027.0
008 data
010 _a 2012040572
020 _a9781401237646 (hbk.)
020 _a9781401237653 (pbk.)
020 _a1401237649
040 _aDLC
_cDLC
_dDLC
042 _apcc
050 0 0 _aPN6728.J87
_bJ653 2013
082 0 0 _a741.5/973
_223
099 _aJOHNSG
100 1 _aJohns, Geoff,
_d1973-
245 1 0 _aJustice League.
_nVolume 2,
_pThe villain's journey /
_cGeoff Johns ... [et al.].
246 3 0 _aVillain's journey
260 _aNew York :
_bDC Comics,
_cc2012.
300 _a1 v. (unpaged) :
_bcol. ill. ;
_c27 cm.
500 _a"Originally published in single magazine form in Justice League 7-12."
655 0 _aGraphic novels.
655 7 _aComic books, strips, etc.
_2gsafd
700 1 _aLee, Jim,
_d1964-
700 1 _aSinclair, Alex.
700 1 _aCipriano, Sal.
700 1 _aBrossesau, Patrick.
700 1 _aNapolitano, Nick.
906 _a7
_bcbc
_corignew
_d1
_eecip
_f20
_gy-gencatlg
925 0 _aacquire
_b2 shelf copies
_xpolicy default
955 _wrg14 2012-10-04 to CIP
_frg07 2013-02-06 to CALM
001 data
999 _c628
_d628